000 00231 a2200097 4500
020 _a9789356996601
100 _aSachin Warty
245 _aBlack sol: vengeance in the hear of deceit
260 _bHarper Collins
_c2024
942 _cOO
999 _c115596
_d115595